| 000 | 00650nam a22001937a 4500 | ||
|---|---|---|---|
| 005 | 20220512095051.0 | ||
| 008 | 220512b ||||| |||| 00| 0 eng d | ||
| 040 | _cAL | ||
| 041 | _aEnglish | ||
| 082 |
_223 _a954.051 _bTHOR |
||
| 100 |
_aM M Thomas _936203 |
||
| 245 | _aResponse to Tyranny: Writings Between July 1975 and February 1977 | ||
| 260 |
_aNew Delhi _bForum for Christian Concern for Peoples Struggle _c1979 |
||
| 300 |
_axvi,127 p. _bPB _c18x12 cm. |
||
| 650 |
_aChristians -- India -- Political activity _936204 |
||
| 650 |
_aIndia -- Politics and government -- 1975-1977 _936205 |
||
| 700 |
_aTHOMAS (M M) _936206 |
||
| 942 |
_2ddc _cGF |
||
| 999 |
_c222889 _d222889 |
||